000 00809nam a22001937a 4500
003 AM-YeHGA
005 20250617154700.0
008 180904s1955 ru |||||r|||||000|1|rus||
040 _aAM-YeHGA
041 0 _arus
245 0 0 _aТуркменистан :
_bСтихи и проза /
_c[Вступ. статья Н. Дурдыева].
260 _aАшхабад :
_bТуркменгосиздат,
_c1955.
300 _a280 с. ;
_c22 см
500 _aНа обороте тит. л. сост.: А. Аборский, Б. Сейтаков
650 1 4 _aХудожественная литература
_xТуркменская художественная литература
700 1 _aАборский, Александр Иванович
_eсост.
_4com
942 _2udc
_cBK
090 _c419864
999 _c417488
_d417488